CZEGO NIE CHCIELIBYŚMY ZAPOMNIEĆ PODCZAS WYJAZDU NA WAKACJE? - Statystyki

Ogólne statystyki
  • Ten quiz został rozwiązany 80 razy
  • Średni wynik to 3 z 8
Statystyki odpowiedzi
Hint Odpowiedź % Poprawnych
4. Pieniędzy
82%
6. Telefonu
76%
1. Dokumentów
55%
8. Ładowarki
37%
2. Biletów
18%
3. Aparatu
13%
7. Powerbanka
3%
5. Zamknięcia Domu
1%
Nie znaleziono quizów pasujących do podanych kryteriów
Rozkład punktacji
Procent ludzi z każdym wynikiem
Percentyl według liczby udzielonych odpowiedzi
Twoja historia wyników
Nie rozwiązałeś tego quizu